The civil service of Malaysia : Towards excellence through ISO 9000 : (Improvements and developments in the civil service of Malaysia 1996

Bibliographic Details
Corporate Authors: MALAYSIA, Malaysia
Format: Book
Published: Kuala Lumpur : Malaysian Administrative Modernisation and Management Planning Unit (MAMPU) , 1997
Subjects:

MARC

LEADER 00000cam a2200000 7i4500
001 0000000718
005 20000926.0
020 0 0 |a 98398057 
090 0 0 |a 354.595006   |b MAL 1997 
110 1 0 |a MALAYSIA 
245 0 4 |a The civil service of Malaysia : Towards excellence through ISO 9000 :   |b (Improvements and developments in the civil service of Malaysia 1996 
260 0 0 |a Kuala Lumpur :   |b Malaysian Administrative Modernisation and Management Planning Unit (MAMPU) ,   |c 1997 
300 |a xiii, 225 p. :   |b col. ill. ;   |c 21 cm. 
650 0 0 |a Civil service   |z Malaysia 
650 0 0 |a ISO 9000 series standards 
650 0 0 |a Public administration   |z Malaysia 
650 0 0 |a Quality control   |x Standards   |z Malaysia 
710 1 1 |a Malaysia ,   |c Unit Pemodenan Tadbiran Malaysia 
999 |a 0000001818   |b Monograph   |c Open Shelf   |e Default branch